000 00422pab a2200169 454500
008 180718b2012 xxu||||| |||| 00| 0 eng d
100 _aSheel Bhadra Kumar
245 _aA strong message Kremlin cannot ignore
260 _c2012
300 _ap.32-33.
362 _aJul
650 _aRussia - Politics and government
650 _aPolitics and government
773 _aThird Concept
908 _aN
909 _a96937
999 _c96937
_d96937